<?xml version="1.0" encoding="UTF-8"?>
<record
    xmlns:xsi="http://www.w3.org/2001/XMLSchema-instance"
    xsi:schemaLocation="http://www.loc.gov/MARC21/slim http://www.loc.gov/standards/marcxml/schema/MARC21slim.xsd"
    xmlns="http://www.loc.gov/MARC21/slim">

  <leader>02110nam a22003017a 4500</leader>
  <controlfield tag="003">DO-SdBNP</controlfield>
  <controlfield tag="005">20250521125404.0</controlfield>
  <controlfield tag="007">ta</controlfield>
  <controlfield tag="008">210304b  2020 dr a00| 0 eng d</controlfield>
  <datafield tag="020" ind1=" " ind2=" ">
    <subfield code="a">9789945618136</subfield>
  </datafield>
  <datafield tag="040" ind1=" " ind2=" ">
    <subfield code="a">DO-SdBNP</subfield>
    <subfield code="b">spa</subfield>
    <subfield code="c">BNPHU</subfield>
  </datafield>
  <datafield tag="041" ind1=" " ind2=" ">
    <subfield code="h">spa</subfield>
  </datafield>
  <datafield tag="082" ind1=" " ind2="4">
    <subfield code="a">363.61 </subfield>
    <subfield code="b">R696a</subfield>
    <subfield code="2">22</subfield>
  </datafield>
  <datafield tag="100" ind1="1" ind2=" ">
    <subfield code="a">Rodr&#xED;guez S&#xE1;nchez, Marco Octavio,</subfield>
    <subfield code="d">1938-</subfield>
    <subfield code="9">78003</subfield>
  </datafield>
  <datafield tag="245" ind1="1" ind2="0">
    <subfield code="a">Apuntes para la historia del abastecimiento de agua potable y alcantarillado en la Rep&#xFA;blica Dominicana /</subfield>
    <subfield code="c">Marco Octavio Rodr&#xED;guez S&#xE1;nchez ; coordinaci&#xF3;n de la edici&#xF3;n: Mercedes Garc&#xED;a Mar&#xED;n, Gregorio Morillo Rodr&#xED;guez y Xiomara P. Peralta Aquino.</subfield>
  </datafield>
  <datafield tag="260" ind1=" " ind2=" ">
    <subfield code="a">Santo Domingo :</subfield>
    <subfield code="b">Amigo del Hogar,</subfield>
    <subfield code="c">2020.</subfield>
  </datafield>
  <datafield tag="300" ind1=" " ind2=" ">
    <subfield code="a">503 p. : </subfield>
    <subfield code="b">il., retrs. ; </subfield>
    <subfield code="c">27 cm. </subfield>
  </datafield>
  <datafield tag="500" ind1=" " ind2=" ">
    <subfield code="a">Incluye datos biogr&#xE1;ficos del autor en la solapa de la cubierta.</subfield>
  </datafield>
  <datafield tag="504" ind1=" " ind2=" ">
    <subfield code="a">Bibliograf&#xED;a : p. 499-503</subfield>
  </datafield>
  <datafield tag="505" ind1="0" ind2=" ">
    <subfield code="a">El autor, visto por el mismo, 13.-- Reconocimientos, 17.-- Prefacio, 21.-- I. Apuntes para la historia del abastecimiento de agua potable y alcantarillado en la Rep&#xFA;blica Dominicana, 25.-- II. Desde el descubrimiento hasta la primera mitad del siglo XVI, 29.-- III. Siglos XVI (segunda mitad), XVII, XVIII, XIX, 63.-- IV. Siglo XX: 1900-1944, 83.-- V. Siglo XX: 1945-1953, 165.-- VI. Siglo XX: 1954-1960, 193.-- VII. Siglo XX: 1961-1966, 213.-- VIII. Siglo XX: 1967-1978, 247.-- IX. Siglo XX: 1979-1986, 307.-- X. Siglo XX: 1987-1996, 357.-- XI. Siglo XX: 1997-2000, 401.-- XII. Siglo XXI: 2001-2004, 421.-- XIII. Situaci&#xF3;n actual: evaluaci&#xF3;n de cobertura de los servicios de APS, 441.-- XIV. Diagn&#xF3;stico sectorial, 447.-- XV. Antecedentes de la reforma del sector APS y eventos principales, 463.</subfield>
  </datafield>
  <datafield tag="590" ind1=" " ind2=" ">
    <subfield code="a">Inventariado, 2021 /LP

</subfield>
  </datafield>
  <datafield tag="650" ind1=" " ind2="0">
    <subfield code="a">Abastecimiento de agua </subfield>
    <subfield code="z">Rep&#xFA;blica Dominicana</subfield>
    <subfield code="9">11680</subfield>
    <subfield code="2">LEMB</subfield>
  </datafield>
  <datafield tag="700" ind1="1" ind2=" ">
    <subfield code="a">Garc&#xED;a Mar&#xED;n, Mercedes,</subfield>
    <subfield code="e">coordinaci&#xF3;n de la edici&#xF3;n</subfield>
    <subfield code="9">36777</subfield>
  </datafield>
  <datafield tag="700" ind1="1" ind2=" ">
    <subfield code="a">Morillo Rodr&#xED;guez, Gregorio,</subfield>
    <subfield code="e">coordinaci&#xF3;n de la edici&#xF3;n</subfield>
    <subfield code="9">78004</subfield>
  </datafield>
  <datafield tag="700" ind1="1" ind2=" ">
    <subfield code="a">Peralta Aquino, Xiomara P.,</subfield>
    <subfield code="e">coordinaci&#xF3;n de la edici&#xF3;n</subfield>
    <subfield code="9">78005</subfield>
  </datafield>
  <datafield tag="910" ind1=" " ind2=" ">
    <subfield code="a">Validado. Control de calidad. MAA</subfield>
  </datafield>
  <datafield tag="942" ind1=" " ind2=" ">
    <subfield code="2">ddc</subfield>
    <subfield code="c">LBS1</subfield>
  </datafield>
  <datafield tag="952" ind1=" " ind2=" ">
    <subfield code="0">0</subfield>
    <subfield code="1">0</subfield>
    <subfield code="2">ddc</subfield>
    <subfield code="5">1</subfield>
    <subfield code="7">1</subfield>
    <subfield code="8">PD</subfield>
    <subfield code="a">BNPHU</subfield>
    <subfield code="b">PD</subfield>
    <subfield code="c">HD</subfield>
    <subfield code="d">2021-03-04</subfield>
    <subfield code="e">Dep&#xF3;sito Legal </subfield>
    <subfield code="l">0</subfield>
    <subfield code="o">BNPHU PD 363.61 R696a</subfield>
    <subfield code="p">2021-0578</subfield>
    <subfield code="r">2021-03-04</subfield>
    <subfield code="w">2021-03-04</subfield>
    <subfield code="y">LFPD</subfield>
  </datafield>
  <datafield tag="952" ind1=" " ind2=" ">
    <subfield code="0">0</subfield>
    <subfield code="1">0</subfield>
    <subfield code="2">ddc</subfield>
    <subfield code="5">1</subfield>
    <subfield code="7">1</subfield>
    <subfield code="8">PD</subfield>
    <subfield code="a">BNPHU</subfield>
    <subfield code="b">PD</subfield>
    <subfield code="c">HD</subfield>
    <subfield code="d">2021-03-04</subfield>
    <subfield code="e">Dep&#xF3;sito Legal </subfield>
    <subfield code="l">0</subfield>
    <subfield code="o">BNPHU PD 363.61 R696a</subfield>
    <subfield code="p">2021-0579</subfield>
    <subfield code="r">2021-03-04</subfield>
    <subfield code="t">e.2 </subfield>
    <subfield code="w">2021-03-04</subfield>
    <subfield code="y">LFPD</subfield>
  </datafield>
  <datafield tag="952" ind1=" " ind2=" ">
    <subfield code="0">0</subfield>
    <subfield code="1">0</subfield>
    <subfield code="2">ddc</subfield>
    <subfield code="5">6</subfield>
    <subfield code="7">0</subfield>
    <subfield code="8">DS</subfield>
    <subfield code="a">BNPHU</subfield>
    <subfield code="b">GR</subfield>
    <subfield code="c">HD</subfield>
    <subfield code="d">2021-03-04</subfield>
    <subfield code="e">Dep&#xF3;sito Legal </subfield>
    <subfield code="l">0</subfield>
    <subfield code="o">BNPHU DS 363.61 R696a</subfield>
    <subfield code="p">2021-0580</subfield>
    <subfield code="r">2021-03-04</subfield>
    <subfield code="t">e.3 </subfield>
    <subfield code="w">2021-03-04</subfield>
    <subfield code="y">LFDS</subfield>
  </datafield>
  <datafield tag="999" ind1=" " ind2=" ">
    <subfield code="c">49492</subfield>
    <subfield code="d">49492</subfield>
  </datafield>
</record>
